| 000 | 01598cam a2200409Ma 4500 | ||
|---|---|---|---|
| 001 | 166360178 | ||
| 003 | OCoLC | ||
| 005 | 20220204131700.0 | ||
| 008 | 100128s2008 nyu r 000 f eng d | ||
| 010 | _a2008576989 | ||
| 020 | _a9780451223685 | ||
| 040 | _erda | ||
| 082 | _aF | ||
| 092 | _aF | ||
| 100 | 1 |
_aSwanson, Denise. _eauthor _958958 |
|
| 245 | 1 | 0 |
_aMurder of a chocolate-covered cherry : _ba Scumble River mystery / _cDenise Swanson. |
| 264 | 1 |
_aNew York : _bObsidian, _c[2008] |
|
| 264 | 4 | _c©2008. | |
| 300 |
_a255 pages ; _c18 cm. |
||
| 336 | _atext | ||
| 337 | _aunmediated | ||
| 338 | _avolume | ||
| 490 | 1 |
_aScumble River mysteries ; _vbk. 10. |
|
| 500 | _aSequel to: Murder of a botoxed blonde. | ||
| 500 | _aSequel: Murder of a royal pain. | ||
| 520 | _aWhen her mother forces her to enter Grandma Sal's Soup-to-Nuts Cooking Challenge despite her lack of culinary skills, Sky Denison must decipher a complex recipe for murder when a cocky contestant meets her fate in a chocolate fountain. | ||
| 650 | 0 |
_aChocolate _vFiction. _95727660 |
|
| 650 | 0 |
_aCooking _xCompetitions _vFiction. _96403959 |
|
| 650 | 0 |
_aDenison, Skye (Fictitious character) _vFiction. _96355080 |
|
| 650 | 0 |
_aSchool psychologists _vFiction. _96355081 |
|
| 650 | 0 |
_aWomen psychologists _vFiction. _95682370 |
|
| 651 | 0 |
_aIllinois _vFiction. _95763536 |
|
| 655 | 7 |
_aDetective and mystery fiction. _2lcgft _95683641 |
|
| 655 | 7 |
_aNovels. _2lcgft |
|
| 800 | 1 |
_aSwanson, Denise. _tScumble River mysteries ; _vbk. 10. _96233689 |
|
| 942 |
_2ddc _cBOOK |
||
| 999 |
_c276830 _d276830 |
||